[Event "Reykjavik op"]
[Site "Reykjavik"]
[Date "2023.03.30"]
[Round "2"]
[White "Andriessen, Bart Jan"]
[Black "Baasansuren, Erdene"]
[Result "0-1"]
[WhiteElo "1966"]
[BlackElo "2232"]
[PlyCount "60"]
[EventDate "2023.03.29"]
[EventType "swiss"]
[EventRounds "9"]
[EventCountry "ISL"]
[SourceTitle "CBM 213 Extra"]
[Source "ChessBase"]
[SourceDate "2023.05.31"]
[SourceVersion "1"]
[SourceVersionDate "2023.05.31"]
[SourceQuality "1"]

1. c4 e6 2. d4 d5 3. Nf3 Nf6 4. g3 Bb4+ 5. Bd2 Be7 6. Bg2 0-0 7. 0-0 c6 8. Bf4 dxc4 9. Ne5 Nd5 10. Nxc4 Nxf4 11. gxf4 Nd7 12. Nc3 Qc7 13. e3 b6 14. Re1 Bb7 15. Rc1 Rac8 16. a3 a5 17. a4 Kh8 18. Qb3 Ba6 19. Ne5 Nxe5 20. fxe5 Bb4 21. Red1 Qe7 22. Ne4 Be2 23. Re1 Bh5 24. Nd6 Rb8 25. Bxc6 Qg5+ 26. Kh1 Qh4 27. Rg1 Qxf2 28. Qd3 Bf3+ 29. Bxf3 Qxf3+ 30. Rg2 f6 0-1